00142nam a2200061Ia 4500008004100000100001500041245002400056120527s9999 xx 000 0 und d aMOMAH, Sam aTechnology is Power